000
00264nam a2200097Ia 4500
008
120527s9999 xx 000 0 und d
100
_a
Blaszek,A.ed.
245
_a
African cereal stem borers:economic imporatnce,taxonomy natural
260
_b
CAB Intl.
942
_c
BK
999
_c
22898
_d
22898